000
00233 a2200097 4500
001
47327
100
_a
Playfair I
245
_a
The Mediterranean middle east
260
_a
London
_b
Her majesty s stationary
_c
090
_c
30364
_d
30364
942
_a
NUST-CAE
_c
M
_c
22630
999
_c
282400
_d
282400